000
00217nam a2200097Ia 4500
008
220204s9999 xx 000 0 und d
082
_a
82-3
_b
COC
100
_a
Cockett, Mary
245
0
_a
As big as the ark
942
_c
BK
999
_c
32754
_d
32754